000 00617nam a22001697a 4500
999 _c8166
_d8166
003 AUA.1
005 20191016134140.0
008 121025t xxu||||| |||| 00| 0 eng d
040 _cJTL
050 _aMA Lead
_b.U66 2009
100 _aJulious Osizimhete Umoru
_927999
245 _aReducing the Rate of Backsliding Among Church Members in Warri District of the Seventh-Day Adventist Church, Edo-Delta Conference
_cJulious Osizimhete Umoru
300 _a96 p.
_c29 cm.
650 _aSeventh-day Adventists
_928000
650 _aBacksliding reduction
_928001
942 _2aua
_cPROJECT
_hMA Lead
_i.U66 2009